Prítomnosť islamu v SRN s dôrazom na život a adaptáciu tureckej menšiny

História islamu v SRN. Tradícia islamu v Turecku. Migračné pohyby a turecká menšina v SRN. Prítomnosť islamu v SRN s dôrazom na tureckú menšinu. Zvyky a problémy islamskej menšiny. Organizácie islamu v SRN

Guardado en:
Detalles Bibliográficos
Autor principal: Kokavcová, Lýdia
Formato: Capítulo de libro
Lenguaje:eslovaco
Materias:
Etiquetas: Agregar Etiqueta
Sin Etiquetas, Sea el primero en etiquetar este registro!

MARC

LEADER 00000naa a2200000 4500
001 r044747
005 20230922120831.0
041 0 |a slo 
044 |a SK 
245 1 0 |a Prítomnosť islamu v SRN s dôrazom na život a adaptáciu tureckej menšiny  |c Lýdia Kokavcová 
520 |a História islamu v SRN. Tradícia islamu v Turecku. Migračné pohyby a turecká menšina v SRN. Prítomnosť islamu v SRN s dôrazom na tureckú menšinu. Zvyky a problémy islamskej menšiny. Organizácie islamu v SRN 
610 2 0 |a islam 
610 2 0 |a Arabi 
610 2 0 |a náboženstvo 
610 2 0 |a Nemecko 
610 2 0 |a kultúra 
610 2 0 |a menšiny národnostné 
610 2 0 |a ideológia 
100 1 |a Kokavcová, Lýdia